000 00727nam a2200205 i 4500
001 186711
003 ES-MaACL
005 20251005063139.0
008 170208s1909 sp |||| | spa d
080 _a821.134.2-32"19"
100 1 _aMartínez Olmedilla, Augusto,
_d1880-1965
_978283
245 1 0 _aEn coche de plata :
_bnovela /
_cde Augusto Martínez Olmedilla ; ilustraciones de Romero Calvet.
260 _aMadrid :
_bLos Contemporáneos,
_c1909.
300 _a[20] p. :
_bil. ;
_c28 cm.
490 1 _aLos contemporáneos ;
_vaño 1, n. 35
700 1 _aRomero Calvet, Rafael.
_999360
830 0 _aLos contemporáneos ;
_vaño 1, n. 35
_9185715
852 _aES-MaACL
_jR-2597(8)
999 _c186711
_d186711